Wird geladen...

THEEJWALA

Bibliographische Detailangaben
1. Verfasser: PARUR GEORGE
Format: Printed Book
Veröffentlicht: THRISSUR CURRENT BOOK STALL 1971
Schlagworte:
LEADER 00449nam a2200169 4500
020
082 |a 894.812 2 PAR 
100 |a PARUR GEORGE 
245 |a THEEJWALA  |h Malayalam 
250
260 |a THRISSUR  |b CURRENT BOOK STALL  |c 1971 
300 |a 184 p  |f PB 
650 |a THEEJWALA 
700
942 |c TB 
999 |c 154018  |d 154018 
952 |0 0  |1 0  |4 0  |6 894_812000000000000_2_PAR  |7 0  |9 167475  |a ORI  |b ORI  |l 0  |o 894.812 2 PAR  |p ORI2372  |r 2019-10-25  |w 2019-10-25  |y TB